<?xml version="1.0" encoding="UTF-8"?>
<record
    xmlns:xsi="http://www.w3.org/2001/XMLSchema-instance"
    xsi:schemaLocation="http://www.loc.gov/MARC21/slim http://www.loc.gov/standards/marcxml/schema/MARC21slim.xsd"
    xmlns="http://www.loc.gov/MARC21/slim">

  <leader>01187nam a2200289 i 4500</leader>
  <controlfield tag="001">184262</controlfield>
  <controlfield tag="003">ES-MaACL</controlfield>
  <controlfield tag="005">20250804063443.0</controlfield>
  <controlfield tag="008">150603s2012    sp af        |||| | spa d</controlfield>
  <datafield tag="020" ind1=" " ind2=" ">
    <subfield code="a">978-84-9744-127-8</subfield>
  </datafield>
  <datafield tag="080" ind1=" " ind2=" ">
    <subfield code="a">711.4(460.27 M.)"17"</subfield>
  </datafield>
  <datafield tag="080" ind1=" " ind2=" ">
    <subfield code="a">582.091:631.53(460.27 M.)"17"</subfield>
  </datafield>
  <datafield tag="100" ind1="1" ind2=" ">
    <subfield code="a">Crespo Delgado, Daniel,</subfield>
    <subfield code="d">1974-</subfield>
    <subfield code="e">aut</subfield>
    <subfield code="9">237517</subfield>
  </datafield>
  <datafield tag="245" ind1="1" ind2="0">
    <subfield code="a">&#xC1;rboles para una capital :</subfield>
    <subfield code="b">&#xE1;rboles en el Madrid de la Ilustraci&#xF3;n / </subfield>
    <subfield code="c">Daniel Crespo Delgado</subfield>
  </datafield>
  <datafield tag="260" ind1=" " ind2=" ">
    <subfield code="a">[Aranjuez, Madrid] : </subfield>
    <subfield code="b">Doce Calles ; </subfield>
    <subfield code="a">[Madrid] : </subfield>
    <subfield code="b">Fundaci&#xF3;n Juanelo Turriano, </subfield>
    <subfield code="c">[2012]</subfield>
  </datafield>
  <datafield tag="300" ind1=" " ind2=" ">
    <subfield code="a">179 p&#xE1;ginas, [16] p&#xE1;ginas de l&#xE1;minas color : </subfield>
    <subfield code="b">ilustraciones ; </subfield>
    <subfield code="c">24 cm</subfield>
  </datafield>
  <datafield tag="490" ind1="1" ind2=" ">
    <subfield code="a">Visiones hispanas</subfield>
    <subfield code="9">225051</subfield>
  </datafield>
  <datafield tag="504" ind1=" " ind2=" ">
    <subfield code="a">Bibliograf&#xED;a: p&#xE1;ginas 165-179</subfield>
  </datafield>
  <datafield tag="650" ind1=" " ind2="4">
    <subfield code="a">Urbanismo-</subfield>
    <subfield code="z">Madrid-</subfield>
    <subfield code="y">S.XVIII</subfield>
    <subfield code="9">156957</subfield>
  </datafield>
  <datafield tag="650" ind1=" " ind2="4">
    <subfield code="a">&#xC1;rboles-</subfield>
    <subfield code="x">Plantaci&#xF3;n-</subfield>
    <subfield code="z">Madrid</subfield>
    <subfield code="9">156958</subfield>
  </datafield>
  <datafield tag="710" ind1="2" ind2=" ">
    <subfield code="a">Fundaci&#xF3;n Juanelo Turriano</subfield>
    <subfield code="e">edt</subfield>
    <subfield code="9">4352</subfield>
  </datafield>
  <datafield tag="830" ind1=" " ind2="0">
    <subfield code="a">Visiones hispanas</subfield>
    <subfield code="9">225051</subfield>
  </datafield>
  <datafield tag="852" ind1="1" ind2=" ">
    <subfield code="a">ES-MaACL</subfield>
    <subfield code="b">R.150377</subfield>
    <subfield code="c">DEPO1</subfield>
    <subfield code="d">Olim: N-6522</subfield>
    <subfield code="h">Donaci&#xF3;n Fundaci&#xF3;n Juanelo Turriano</subfield>
    <subfield code="j">A-13522 </subfield>
    <subfield code="9">191247</subfield>
  </datafield>
  <datafield tag="942" ind1=" " ind2=" ">
    <subfield code="2">udc</subfield>
    <subfield code="c">MONOGRAFIA</subfield>
    <subfield code="n">0</subfield>
  </datafield>
  <datafield tag="999" ind1=" " ind2=" ">
    <subfield code="c">184262</subfield>
    <subfield code="d">184262</subfield>
  </datafield>
  <datafield tag="952" ind1=" " ind2=" ">
    <subfield code="0">0</subfield>
    <subfield code="1">0</subfield>
    <subfield code="2">udc</subfield>
    <subfield code="4">0</subfield>
    <subfield code="7">0</subfield>
    <subfield code="a">ATENEOM</subfield>
    <subfield code="b">ATENEOM</subfield>
    <subfield code="c">DEPO1</subfield>
    <subfield code="d">2015-06-03</subfield>
    <subfield code="e">DONACION</subfield>
    <subfield code="l">0</subfield>
    <subfield code="o">A-13522</subfield>
    <subfield code="p">1193826</subfield>
    <subfield code="r">2023-02-23 00:00:00</subfield>
    <subfield code="y">MONOGRAFIA</subfield>
  </datafield>
</record>
